Number of properties sold continues to fall (Record no. 81542)
[ view plain ]
| 000 -LEADER | |
|---|---|
| fixed length control field | 01040cad a22002055a 4500 |
| 001 - CONTROL NUMBER | |
| control field | E147450 |
| 008 - FIXED-LENGTH DATA ELEMENTS--GENERAL INFORMATION | |
| fixed length control field | 090512e20090505xxk 000 0 eng d |
| 035 ## - SYSTEM CONTROL NUMBER | |
| System control number | (Sirsi) u147450 |
| 041 0# - LANGUAGE CODE | |
| Language code of text/sound track or separate title | eng |
| 110 2# - MAIN ENTRY--CORPORATE NAME | |
| Corporate name or jurisdiction name as entry element | Registers of Scotland |
| 9 (RLIN) | 5601 |
| 245 00 - TITLE STATEMENT | |
| Title | Number of properties sold continues to fall |
| Medium | [electronic resource] |
| 260 ## - PUBLICATION, DISTRIBUTION, ETC. | |
| Date of publication, distribution, etc. | 2009 |
| 490 ## - SERIES STATEMENT | |
| Series statement | Registers of Scotland News Release |
| Volume/sequential designation | 5 May 2009 |
| 520 ## - SUMMARY, ETC. | |
| Summary, etc. | Reports that sales transactions in Scotland for Q1 2009 fell by 57.1% when compared to Q1 2008, and by 38.7% when compared with Q4 2008. The average house price in Scotland in Q1 2009 decreased by 6.6% when compared with Q1 2008, with the average price of a residential property in Scotland in Q1 2009 standing at £140 318. This is a decrease of 8.7% on Q4 2008. |
| 590 ## - LOCAL NOTE (RLIN) | |
| Local note | KA |
| 651 #4 - SUBJECT ADDED ENTRY--GEOGRAPHIC NAME | |
| Geographic name | Scotland |
| Chronological subdivision | 1999- |
| 690 ## - LOCAL SUBJECT ADDED ENTRY--TOPICAL TERM (OCLC, RLIN) | |
| Topical term or geographic name as entry element | PROPERTY-RESIDENTIAL PROPERTY-RESIDENTIAL PROPERTY MARKET |
| 856 40 - ELECTRONIC LOCATION AND ACCESS | |
| Uniform Resource Identifier | <a href="https://www.ros.gov.uk/aboutus/pressreleases.html">https://www.ros.gov.uk/aboutus/pressreleases.html</a> |
| Public note | View the press release free of charge at www.ros.gov.uk... |
| 942 ## - ADDED ENTRY ELEMENTS (KOHA) | |
| Suppress in OPAC | 0 |
| Withdrawn status | Lost status | Source of classification or shelving scheme | Damaged status | Not for loan | Home library | Current library | Shelving location | Date acquired | Total Checkouts | Full call number | Barcode | Date last seen | Copy number | Price effective from | Koha item type |
|---|---|---|---|---|---|---|---|---|---|---|---|---|---|---|---|
| Dewey Decimal Classification | Virtual | Virtual | Online | 12/05/2009 | ONLINE PUBLICATION | 147450-2001 | 06/08/2019 | 1 | 06/08/2019 | Journal article |